Áreas metropolitanas más grandes de España - Estadísticas

Estadísticas generales
  • Esta prueba ha sido intentada 47 veces
  • La puntuación promedio es 23 de 30
Estadísticas de respuestas
Puesto Población Respuesta % Correcto
2 5 207 691 Barcelona
100%
6 900 420 Bilbao
100%
1 6 258 132 Madrid
100%
5 1 014 595 Málaga
100%
4 1 312 739 Sevilla
100%
3 1 580 659 Valencia
100%
11 638 807 Bahía de Cádiz-Jerez
97%
8 754 877 Zaragoza
97%
10 679 542 Murcia
94%
13 567 579 Palma de Mallorca
91%
23 319 515 Córdoba
88%
14 537 979 Las Palmas de Gran Canaria
88%
16 448 689 Santa Cruz de Tenerife
88%
19 405 241 Valladolid
88%
12 586 400 Vigo-Pontevedra
88%
24 309 646 Castellón de la Plana
85%
15 534 621 Granada
85%
22 322 372 Santander-Torrelavega
85%
20 395 955 Tarragona-Reus
85%
30 232 516 Almería
82%
17 419 110 La Coruña
82%
18 412 087 San Sebastián
79%
25 253 672 Vitoria
74%
21 365 410 Pamplona
65%
27 237 617 Campo de Cartagena
59%
7 787 400 Asturias
44%
9 720 111 Alicante-Elche
35%
26 242 726 Bahía de Algeciras
24%
28 233 981 Costa del Sol
15%
29 233 468 Costa Blanca
12%
No se encontraron pruebas coincidentes
Distribución de puntuación
Porcentaje de gente con cada puntuación
Porcentaje por número respondido
Historial de tus puntuaciones
No has intentado esta prueba.